000 003330000a22001450004500
003 MACL
040 _aMACL
090 _c32420
_d32418
100 _aMaxwell, john C.
245 _aThe 17 Essential Qualities Of ATeam Player
260 _bMagna Publication
_c2002
350 _a175
650 _aGeneralities
942 _cBOOK
_k001/Max
999 _c32090
_d32090